000 00419nam a2200157Ia 4500
008 230312s9999||||xx |||||||||||||| ||und||
020 _a0198862831
082 _a371.3028
_bSEE
100 _aSeely, John
245 0 _aWriting Reports
260 _bOxford
_aNew York
_c2002
300 _a120
546 _aEng.
650 _aManagement
_vDifferent kind of report, Process of writing, structure and planning
942 _cBK
999 _c1981
_d1981